Design of equilibrium stage processes (Record no. 13251)

000 -LEADER
fixed length control field 00589nam a22002171 4500
001 - CONTROL NUMBER
control field 13251
003 - CONTROL NUMBER IDENTIFIER
control field BD-DhUET
008 - FIXED-LENGTH DATA ELEMENTS--GENERAL INFORMATION
fixed length control field 740517s1963 nyua b 000 0 eng
020 ## - INTERNATIONAL STANDARD BOOK NUMBER
International Standard Book Number 070586373
040 ## - CATALOGING SOURCE
Original cataloging agency DLC
Transcribing agency OAkU
Modifying agency BD-DhUET
082 ## - DEWEY DECIMAL CLASSIFICATION NUMBER
Classification number 660.28422
Item number SMI/1963
100 1# - MAIN ENTRY--PERSONAL NAME
Personal name Smith, Buford D.
245 10 - TITLE STATEMENT
Title Design of equilibrium stage processes
250 ## - EDITION STATEMENT
Edition statement 1st ed.
260 ## - PUBLICATION, DISTRIBUTION, ETC. (IMPRINT)
Place of publication, distribution, etc. New York
Name of publisher, distributor, etc. McGraw-Hill
Date of publication, distribution, etc. 1963
300 ## - PHYSICAL DESCRIPTION
Extent 647 p.
Other physical details ill.
Dimensions 24 cm.
490 ## - SERIES STATEMENT
Series statement McGraw-Hill chemical engineering series
504 ## - BIBLIOGRAPHY, ETC. NOTE
Bibliography, etc Includes bibliographies
650 #0 - SUBJECT ADDED ENTRY--TOPICAL TERM
Topical term or geographic name as entry element Chemical equilibrium
942 ## - ADDED ENTRY ELEMENTS (KOHA)
Koha item type General Book
Holdings
Source of classification or shelving scheme Copy number Koha full call number Sublocation or collection (holding branch) Koha normalized classification for sorting Koha date last seen Lost status Koha item type Price effective from Piece designation (barcode) Date acquired Damaged status Not for loan Shelving location Location (home branch) Withdrawn status
 1660.28422/SMI/1963Central Library, BUET660_284220000000000_SMI_19632015-03-02 General Book2015-03-02349542015-03-02  Circulation sectionCentral Library, BUET 
 2660.28422/SMI/1963Central Library, BUET660_284220000000000_SMI_19632015-03-03 General Book2015-03-03298452015-03-03  Circulation sectionCentral Library, BUET 
 3660.28422/SMI/1963Central Library, BUET660_284220000000000_SMI_19632015-03-03 General Book2015-03-03298412015-03-03  Circulation sectionCentral Library, BUET 
 4660.28422/SMI/1963Central Library, BUET660_284220000000000_SMI_19632015-03-03 General Book2015-03-03298472015-03-03  Circulation sectionCentral Library, BUET 
 5660.28422/SMI/1963Central Library, BUET660_284220000000000_SMI_19632015-03-03 General Book2015-03-03298532015-03-03  Circulation sectionCentral Library, BUET 
 6660.28422/SMI/1963Central Library, BUET660_284220000000000_SMI_19632015-03-03 General Book2015-03-03298432015-03-03  Circulation sectionCentral Library, BUET 
 7660.28422/SMI/1963Central Library, BUET660_284220000000000_SMI_19632015-03-03 General Book2015-03-03298442015-03-03  Circulation sectionCentral Library, BUET 
 8660.28422/SMI/1963Central Library, BUET660_284220000000000_SMI_19632015-03-03 General Book2015-03-03298402015-03-03  Circulation sectionCentral Library, BUET 
 9660.28422/SMI/1963Central Library, BUET660_284220000000000_SMI_19632015-03-03 General Book2015-03-03349552015-03-03  Circulation sectionCentral Library, BUET 
 10660.28422/SMI/1963Central Library, BUET660_284220000000000_SMI_19632015-05-11 General Book2015-05-11114772015-05-11  Circulation sectionCentral Library, BUET 
 11660.28422/SMI/1963Central Library, BUET660_284220000000000_SMI_19632015-05-11 General Book2015-05-11298462015-05-11  Circulation sectionCentral Library, BUET 
 12660.28422/SMI/1963Central Library, BUET660_284220000000000_SMI_19632015-05-11 General Book2015-05-11349532015-05-11  Circulation sectionCentral Library, BUET 
 13660.28422/SMI/1963Central Library, BUET660_284220000000000_SMI_19632015-05-11 General Book2015-05-11188362015-05-11  Circulation sectionCentral Library, BUET 
 14660.28422/SMI/1963Central Library, BUET660_284220000000000_SMI_19632015-05-11 General Book2015-05-11298542015-05-11  Circulation sectionCentral Library, BUET 
 15660.28422/SMI/1963Central Library, BUET660_284220000000000_SMI_19632015-05-11 General Book2015-05-11298562015-05-11  Circulation sectionCentral Library, BUET 
 16660.28422/SMI/1963Central Library, BUET660_284220000000000_SMI_19632015-05-19 General Book2015-05-19298482015-05-19  Circulation sectionCentral Library, BUET 
 17660.28422/SMI/1963Central Library, BUET660_284220000000000_SMI_19632015-06-18 Reading Item2015-06-1864492015-06-18  Reading sectionCentral Library, BUET